| 000 | 00736nam a2200205Ia 4500 | ||
|---|---|---|---|
| 003 | OSt | ||
| 005 | 20240808162622.0 | ||
| 008 | 210210b1994 xxu||||| |||| 00| 0 eng d | ||
| 040 | _cAL | ||
| 041 | _aKannada | ||
| 082 | _a324.2092K VEMN | ||
| 100 |
_aVEMURI RADHAKRASHNA MURTHI. _dವೇಮುರಿ ರಾಧಾಕೃಷ್ಣ ಮೂರ್ತಿ _9176010 |
||
| 245 |
_aBharatada Pradhana Mantri Shri P V Narasimha Rav. _bಭಾರತದ ಪ್ರಧಾನ ಮಂತ್ರಿ ಶ್ರೀ ಪಿ ವಿ ನರಸಿಂಹ ರಾವ್. |
||
| 260 |
_aBengaluru _bKarnataka Mahila Hindi Seva Samiti _c1994 |
||
| 300 | _a136 | ||
| 650 |
_aNarasimha Rao _9176011 |
||
| 690 |
_aBiography _9176012 |
||
| 906 | _a052472 | ||
| 942 |
_2ddc _cBK |
||
| 999 |
_c100788 _d100788 |
||